История Средиземья. Т. 2: Книга утраченных сказаний (Запись № 553001)

Подробности
000 -МАРКЕР
контрольное поле 01161nam2a2200277 4500
001 - ИДЕНТИФИКАТОР ЗАПИСИ
контрольное поле RU\NLR\bibl\403152
005 - ИДЕНТИФИКАТОР ВЕРСИИ
контрольное поле 20260406153749.0
035 ## - ДРУГИЕ СИСТЕМНЫЕ НОМЕРА
Идентификатор записи (NLR Aleph) 000397296
100 ## - ДАННЫЕ ОБЩЕЙ ОБРАБОТКИ
Данные общей обработки 20030528d2002 |||y0rusy50 ca
101 1# - ЯЗЫК РЕСУРСА
Язык текста, звукозаписи и т.д. русский
Язык промежуточного перевода английский
102 ## - СТРАНА ПУБЛИКАЦИИ ИЛИ ПРОИЗВОДСТВА
Страна публикации Российская Федерация
105 ## - ПОЛЕ КОДИРОВАННЫХ ДАННЫХ: ТЕКСТОВЫЕ МАТЕРИАЛЫ, МОНОГРАФИЧЕСКИЕ
Кодированные данные о монографическом текстовом документе a |||||||||
200 1# - ЗАГЛАВИЕ И СВЕДЕНИЯ ОБ ОТВЕТСТВЕННОСТИ
Основное заглавие Книга утраченных сказаний
Обозначение и номер части ч. 2
210 ## - ПУБЛИКАЦИЯ, РАСПРОСТРАНЕНИЕ И ДР.
Дата издания, распространения и т.д. 2002
Место издания, распространения и т.д. Б. м.
215 ## - ФИЗИЧЕСКАЯ ХАРАКТЕРИСТИКА
Специфическое обозначение материала и объем 393 с.,[9] л. цв. ил.
300 ## - ОБЩИЕ ПРИМЕЧАНИЯ
Текст примечания На обл. только частное назв. тома
320 ## - ПРИМЕЧАНИЯ О НАЛИЧИИ В ДОКУМЕНТЕ БИБЛИОГРАФИИ / УКАЗАТЕЛЯ
Текст примечания Указ.: с. 353-390
461 #0 - УРОВЕНЬ НАБОРА
Встроенное поле 001RU\NLR\bibl\404379
-- 2001#$aИстория Средиземья$vТ. 2
Системный номер (АБИС) связанной записи 560235
Автор Толкин, Д. Р. Р. (1892-1973)
Место публикации Б.м.
Дата публикации 2002
Первые сведения об ответственности Джон Рональд Руэл Толкин
Имя издателя, распространителя и т.д. Б.и.
Сведения, относящиеся к заглавию [Пер. с англ.]
Заглавие История Средиземья
Номер тома Т. 2
512 1# - ЗАГЛАВИЕ ОБЛОЖКИ
Связь между полями z17790
Заглавие обложки Книга утраченных сказаний
790 #1 - ИМЯ ЛИЦА - АЛЬТЕРНАТИВНАЯ ФОРМА
Код отношения Автор
Материалы, к которым относится поле rus
Графика поля Кириллица
Начальный элемент ввода Толкин
Часть имени, кроме начального элемента ввода Д. Р. Р.
Даты 1892-1973
Расширение инициалов личного имени Джон Роналд Руэл
Идентификатор авторитетной/нормативной записи RU\NLR\auth\776532
Системный номер авторитетной/нормативной записи 116484
801 #0 - ИСТОЧНИК ЗАПИСИ
Страна Российская Федерация
Организация NLR
Дата составления 20030528
Правила каталогизации PSBO
801 #1 - ИСТОЧНИК ЗАПИСИ
Страна Российская Федерация
Организация NLR
Дата составления 20030528
942 ## - ДОПОЛНИТЕЛЬНЫЕ ЭЛЕМЕНТЫ ЗАПИСИ (АБИС)
Тип экземпляра АБИС Книга
980 ## - КОЛЛЕКЦИЯ
Название коллекции Национальная библиография
Экземпляры
Тип экземпляра Дата поступления Источник поступления Библиотека постоянного хранения Библиотека текущего хранения Место хранения Шифр хранения Штрих-код Статус экземпляра
Книга 28.05.2003 Дар РНБ (Московский) РНБ (Московский) Русский книжный фонд: издания с 1957 года 2003-5/3635 1-3452441